| 000 | 00807nam a2200241 a 4500 | ||
|---|---|---|---|
| 001 | 14132 | ||
| 003 | BD-JhCC | ||
| 005 | 20250106084542.0 | ||
| 008 | 210831b2024 bg |||| ||a| 000 0 ben d | ||
| 020 | _a9789848801697 | ||
| 035 | _a(BD-JhCC)14132 | ||
| 040 |
_aBD-JhCC _dBD-JhCC |
||
| 041 | _aBengali | ||
| 082 |
_223 _a158.1 _bBAD 2024 |
||
| 100 | _a বাদরি, মালিক | ||
| 245 |
_aমনস্তাত্ত্বিক কাউন্সেলিং / _c মালিক বাদরি,অনু:ইমদাদুল হক । |
||
| 260 |
_aঢাকা: _bঅবসর; _c২০২৪. |
||
| 300 |
_a168 p. : _c22 cm. |
||
| 650 |
_aSelf-improvement and motivation _zInterpersonal relations |
||
| 700 | _aহক,ইমদাদুল | ||
| 942 |
_2ddc _cBK _02 |
||
| 999 |
_c14132 _d14132 |
||